Paesi classificati secondo le 20 migliori cucine del mondo - Statistics

Statistiche generali
  • Questo quiz è stato fatto 141 volte
  • Il punteggio medio è 15 su 20
Statistiche sulle risposte
Miejsce Państwo % Corretto
2 Italia
100%
8 Francia
99%
4 Spagna
98%
9 Giappone
97%
10 Cina
95%
13 Stati Uniti
93%
1 Grecia
89%
12 India
89%
3 Messico
89%
16 Brasil
88%
5 Portogallo
78%
6 Turchia
72%
11 Polonia
55%
14 Perù
53%
18 Colombia
50%
7 Indonesia
47%
17 Croazia
43%
19 Vietnam
41%
15 Serbia
39%
20 Ungheria
38%
Nessun quiz corrispondente trovato
Distribuzione punteggi
Percentuale di utenti per punteggio
Percentile per numero di risposta
I tuoi punteggi nel tempo
Non hai fatto questo quiz